=LDR 00000nam 2200000 4500 =001 NUTBA000000000005697 =005 20141105145417.0 =006 =007 =008 =020 ##$$a 978-979-050-288-8 =035 ##$$a 0010-111400000000176 =040 ##$$a NBPDMAT =082 ##$$a R.912.598 7 =090 ##$$a R.912.598 7 $b Mah a =100 ##$$a Mahyuzar =245 ##$$a Atlas tematik provinsi Papua / $c penyusun Mahyuzar =250 ##$$a Cet.1 =260 ##$$a Jakarta : $b Bina Sumber Daya Mipa, $c 2010 =300 ##$$a 48 hlm. : $b ilus. ; $c 29 cm. =650 ##$$a Atlas Tematik - Papua =850 ##$$a NBPDMAT